Štátný rozpočet praktikum

Na minha lista:
Detalhes bibliográficos
Autor principal: Čorbaiová, Eva
Autor Corporativo: Vysoká škola ekonomická v Bratislave. Národohospodárska fakulta
Formato: Livro
Idioma:eslovaco
Publicado em: Bratislava Vysoká škola ekonomická 1985
Tags: Adicionar Tag
Sem tags, seja o primeiro a adicionar uma tag!

MARC

LEADER 00000nam a2200000 4500
001 c109266
005 20230116122836.7
041 0 |a slo 
044 |a SK 
245 1 0 |a Štátný rozpočet  |b praktikum  |c Eva Čorbaiová 
264 1 |a Bratislava  |b Vysoká škola ekonomická  |c 1985 
300 |a 106 s. 
100 1 |a Čorbaiová, Eva 
710 2 |a Vysoká škola ekonomická v Bratislave. Národohospodárska fakulta